Arbitros Argentinos #1 - Estadísticas

Estadísticas generales
  • Esta prueba ha sido intentada 50 veces
    49 desde el último reinicio
  • La puntuación promedio es 9 de 24
Estadísticas de respuestas
Imagen Respuesta % Correcto
Néstor Pitana
85%
Pablo Lunati
62%
Yael Falcón Pérez
56%
Dario Herrera
54%
Facundo Tello
54%
Federico Beligoy
49%
German Delfino
49%
Héctor Baldassi
49%
Nicolás Ramírez
46%
Fernando Rapallini
44%
Horacio Elizondo
41%
Fernando Espinoza
38%
Hernán Mastrángelo
31%
Javier Castrilli
31%
Leandro Rey Hilfer
31%
Ángel Sánchez
28%
Francisco Lamolina
28%
Nicolas Lamolina
28%
Sergio Pezzotta
26%
Patricio Loustau
23%
Saúl Laverni
23%
Fernando Echenique
21%
Diego Abal
15%
Juan Carlos Loustau
10%
No se encontraron pruebas coincidentes
Distribución de puntuación
Porcentaje de gente con cada puntuación
Porcentaje por número respondido
Historial de tus puntuaciones
No has intentado esta prueba desde el último reinicio